Metaphysical poets & poetry / (Record no. 75500)

MARC details
000 -LEADER
fixed length control field 00536nam a22001817a 4500
005 - DATE AND TIME OF LATEST TRANSACTION
control field 20130513154450.0
010 ## - LCCN (DPL NO)
LC control number ENG-107109
020 ## - INTERNATIONAL STANDARD BOOK NUMBER
International Standard Book Number 9788192020136
Terms of availability 500.00
035 ## - SYSTEM CONTROL NUMBER
System control number EN-90642
037 ## - SOURCE OF ACQUISITION
Source of stock number/acquisition DBAD/PUB
100 ## - MAIN ENTRY--PERSONAL NAME
Personal name Prasad, Kameshwar
245 10 - TITLE STATEMENT
Title Metaphysical poets & poetry /
Statement of responsibility, etc by Kameshwar Prasad
260 ## - PUBLICATION, DISTRIBUTION, ETC. (IMPRINT)
Place of publication, distribution, etc Haryana
Name of publisher, distributor, etc Shanti Prakashan
Date of publication, distribution, etc 2012
270 ## - ADDRESS
Address 1780, Sector-1, Delhi By-pass
City Rohtak
Postal code 124001
300 ## - PHYSICAL DESCRIPTION
Extent x,330p.
Dimensions 22cm(Hb)
500 ## - GENERAL NOTE
General note Includes bibliographical references and index
942 ## - ADDED ENTRY ELEMENTS (KOHA)
Source of classification or shelving scheme Dewey Decimal Classification
Item type English Books
Call number suffix PRA
Holdings
Withdrawn status Lost status Not for loan Collection code Home library Current library Date acquired Source of acquisition Cost, normal purchase price Full call number Barcode Copy number Cost, replacement price Koha item type
    Not For Loan Non-fiction D.B.Act.Division D.B.Act.Division 13/05/2013 DBAD/PUB 500.00 PRA EN-90642 1 500.00 English Books

© Delhi Public Library
Hit Counter
free hit counter